000 01026nam a22002057a 4500
999 _c176835
_d176835
005 20210128113858.0
010 _aB-736662
020 _a9789353090432
_c40.00
035 _aB-736662
037 _bडी.बी.ए.डी./ उपहार
082 _a
100 _aनिलेकणी,रोहिणाी
245 _aश्रींगेरी श्रीनिवास की गाय़ क्यों नहीं रम्भाती? /
_cरोहिणी निलेकणी
260 _aनई दिल्ली
_bप्रथम बुक्स
_c2018
270 _aबी-3/4, प्रथम तल, सफदरज़ंग एन्क्लेव
_bनई दिल्ली
_e110 029
_k011-65684113
300 _a20पृ
_c22सेमी (सजिल्द)
_bसचित्र
700 _915970
942 _2ddc
_cCH
_h
_mनिलेक